| 000 | 00334 a2200133 4500 | ||
|---|---|---|---|
| 999 |
_c325525 _d325525 |
||
| 001 | 90452 | ||
| 003 | NUST | ||
| 082 | _a891.4396 INT | ||
| 100 |
_aIntizar Hussain _99473 |
||
| 245 |
_aBoond Boond _cIntizar Hussain _hUrdu |
||
| 260 |
_aLahore _bSang-e-Meel Publishers _c2004 |
||
| 300 | _a502p | ||
| 500 | _aGeneral Books | ||
| 942 |
_aCAE NUST _cBK _k891.4396 INT _2ddc |
||